000 00526nam a2200193Ia 4500
003 LDD
008 181029s9999 xx 000 0 und d
020 _a9781844650477
_cP 16.99
040 _cLDD
100 _aHatzimoysis, Anthony
245 0 _aPhilosophy of sartre
_cAnthony Hatzimoysis
260 _aDurham
_bAcuman
_c2011
300 _axiii, 142p
365 _bP 16.99
901 _a10140
_b15-01-2013
902 _aIN1345
_b18-01-2013
_cF
_dSELECT
_e15
903 _aDiscount-15
_bReqst by : G. Thomas
942 _2ddc
_cBK
999 _c106304
_d106304